| 000 | 00764nam a22002417a 4500 | ||
|---|---|---|---|
| 003 | UA-OsUOA | ||
| 001 | 31971 | ||
| 007 | ta | ||
| 008 | 20050118b un ||||| |||| 00| 0 ukr d | ||
| 090 |
_a94(477).044 _bД46 |
||
| 942 | _cBK | ||
| 040 |
_aUA-OsUOA _bukr _cUA-OsUOA _dUA-OsUOA |
||
| 245 |
_aДілова документація Гетьманщини XVIII ст. _bЗбірник документів _cРед. Л. А.Дубровіна О. М.Мироненко К. А.Вислобоков І. Б.Усенко |
||
| 300 |
_a392 с. _bІлюстрації |
||
| 955 | _a0 | ||
| 041 | _aukr | ||
| 080 | _a94(477).044 | ||
| 020 | _a5-12-003205-2 | ||
| 260 |
_aКиїв _bНаукова думка _c1992 |
||
| 044 | _aUA | ||
| 650 | 7 | _2UDC | |
| 999 |
_c318408 _d318408 |
||